Profesijné očakávania a vzory študentov vysokých škôl s ekonomickým zameraním bakalárska práca

Gespeichert in:
Bibliographische Detailangaben
1. Verfasser: Luptáková, Katarína
Körperschaft: Fakulta podnikového manažmentu EU. Katedra manažmentu
Weitere Verfasser: Matkovčíková, Natália, 1982-
Format: Buch
Sprache:Slowakisch
Veröffentlicht: Bratislava 2014
Tags: Tag hinzufügen
Keine Tags, Fügen Sie das erste Tag hinzu!

MARC

LEADER 00000nbm a2200000 4500
001 0189554
005 20170201091521.5
041 0 |a slo 
044 |a SK 
245 1 0 |a Profesijné očakávania a vzory študentov vysokých škôl s ekonomickým zameraním  |b bakalárska práca  |c Katarína Luptáková ; školiteľ: Natália Matkovčíková 
264 1 |a Bratislava  |c 2014 
300 |a 50 s. 
100 1 |a Luptáková, Katarína 
700 1 |a Matkovčíková, Natália, 1982- 
710 2 |a Fakulta podnikového manažmentu EU. Katedra manažmentu